Which Country is the Most Populous? Multiple Choice: Easy Version - Statistics

General Stats
  • This quiz has been taken 21 times
  • The average score is 14 of 15
Answer Stats
Question Answer % Correct
Which country is the most populous? China
100%
Which country is the most populous? Greece
100%
Which country is the most populous? Nigeria
100%
Which country is the most populous? Philippines
100%
Which country is the most populous? Russia
100%
Which country is the most populous? Algeria
94%
Which country is the most populous? Sudan
94%
Which country is the most populous? Vietnam
94%
Which country is the most populous? Democratic Republic of the Congo
88%
Which country is the most populous? Germany
88%
Which country is the most populous? Iran
88%
Which country is the most populous? Türkiye
81%
Which country is the most populous? Ukraine
81%
Which country is the most populous? Canada
75%
Which country is the most populous? India
75%
No matching quizzes found
Score Distribution
Percent of People with Each Score
Percentile by Number Answered
Your Score History
You have not taken this quiz